Literatura griega (Record no. 183218)

MARC details
000 -LEADER
campo de control de longitud fija 00710nam a22002295i 4500
001 - NÚMERO DE CONTROL
campo de control 183218
003 - IDENTIFICADOR DE NÚMERO DE CONTROL
campo de control ES-MaACL
005 - FECHA Y HORA DE LA ÚLTIMA TRANSACCIÓN
campo de control 20230906221832.0
008 - DATOS DE LONGITUD FIJA--INFORMACIÓN GENERAL
campo de control de longitud fija 140130s1983 sp | |||| ||spa d
020 ## - NÚMERO INTERNACIONAL ESTÁNDAR DEL LIBRO
Número Internacional Estándar del Libro 84-344-8358-0
080 ## - NÚMERO DE LA CLASIFICACIÓN DECIMAL UNIVERSAL
Número de la Clasificación Decimal Universal 875.09(02)
100 1# - ENTRADA PRINCIPAL--NOMBRE DE PERSONA
Nombre de persona Alsina Clota, José.
9 (RLIN) 20486
245 10 - MENCIÓN DEL TÍTULO
Título Literatura griega
Resto del título : contenidos, métodos y problemas /
Mención de responsabilidad, etc. José Alsina.
260 ## - PUBLICACIÓN, DISTRIBUCIÓN, ETC.
Lugar de publicación, distribución, etc. Barcelona :
Nombre del editor, distribuidor, etc. Ariel,
Fecha de publicación, distribución, etc. 1983.
300 ## - DESCRIPCIÓN FÍSICA
Extensión 454 p. ;
Dimensiones 22 cm.
490 1# - MENCIÓN DE SERIE
Mención de serie LeI. Instrumenta
500 ## - NOTA GENERAL
Nota general Bibliografía.
650 04 - PUNTO DE ACCESO ADICIONAL DE MATERIA--TÉRMINO DE MATERIA
Término de materia o nombre geográfico como elemento de entrada Literatura griega-
Subdivisión general Historia y crítica.
9 (RLIN) 14599
830 0# - PUNTO DE ACCESO ADICIONAL DE SERIE-TÍTULO UNIFORME
Título uniforme LeI. Instrumenta
9 (RLIN) 224950
852 ## - LOCALIZACIÓN
Ubicación ES-MaACL
Número de control de estantería L-30035
Nota libre .- Donat. Miguel A. Velasco
Holdings
Estatus retirado Estado de pérdida Estado de daño No para préstamo Biblioteca de origen Biblioteca actual Ubicación en estantería Fecha de adquisición Fuente de adquisición Total de préstamos Signatura topográfica completa Código de barras Visto por última vez Precio de reemplazo Tipo de ítem Koha
        Biblioteca del Ateneo de Madrid Biblioteca del Ateneo de Madrid Depósito 2 30/01/2014     L-30035 1192563 23/02/2023 23/02/2023 Libro impreso